书目信息 |
| 题名: |
推土机的操作和山区作业
|
|
| 作者: | 沈震东 著 | |
| 分册: | ||
| 出版信息: | 北京 中国建筑工业出版社 1978 |
|
| 页数: | 90页 | |
| 开本: | 19cm | |
| 丛书名: | ||
| 单 册: | ||
| 中图分类: | TU623.5 | |
| 科图分类: | ||
| 主题词: | 推土机--操作 | |
| 电子资源: | ||
| ISBN: | ||
| 000 | 00644nam0 2200229 45 | |
| 001 | 0178001469 | |
| 005 | 20060303103034.07 | |
| 010 | @dCNY0.20 | |
| 091 | @a15040.3485 | |
| 100 | @a19950728d1978 em y0chiy0121 ea | |
| 101 | 0 | @achi |
| 102 | @aCN@b110000 | |
| 105 | @ay z 000yy | |
| 200 | 10 | @a推土机的操作和山区作业@Atui tu ji de cao zuo he shan qu zuo ye@f沈震东著@Fshen zhen dong zhu |
| 210 | @a北京@c中国建筑工业出版社@d1978 | |
| 215 | @a90页@d19cm | |
| 300 | @a建筑与安装经验谈 | |
| 606 | @a推土机@x操作 | |
| 690 | @aTU623.5@v3 | |
| 701 | 0 | @a沈震东@Ashen zhen dong@4著 |
| 801 | 0 | @aCN@bTSSF@c20060303 |
| 905 | @a10447@dTU623.5@e3 | |
| 推土机的操作和山区作业/沈震东著.-北京:中国建筑工业出版社,1978 |
| 90页;19cm |
| 建筑与安装经验谈 |
| ISBN :CNY0.20 |
| ● |
| 相关链接 |
|
|
|
|
正题名:推土机的操作和山区作业
索取号:TU623.5/3
 
预约/预借
| 序号 | 登录号 | 条形码 | 馆藏地/架位号 | 状态 | 备注 |
| 1 | 0015870 | 001480828 | 密集书库/ [索取号:TU623.5/3] | 在馆 |